000 01075nam a22003017i 4500
003 EG-GICUC
005 20260121101551.0
008 251230s1908 fr ||||fr|||| 00| 0 fre d
040 _aEG-GiCUC
_bfre
_cEG-GiCUC
_dEG-GiCUC
_eRda
041 _afre
082 0 4 _221
_a341.3
_bBR . R
092 0 4 _221
099 _aLaw1 11 341.3 BR . R 1908
100 1 _aBrunet, Auguste
_eAuteur
245 1 3 _aLe Régime International Des Nouvelles-hébrides :
_bLe Condominium Anglo-français : (Deux Cartes Hors Texte) /
_cAuguste Brunet ; préface de M. Marcel Saint-Germain.
264 1 _aParis :
_bArthur. Rousseau ;
_bA. Challamel,
_c1908.
300 _a189 page ;
_c24 cm.
336 _2rda contenu
_a texte
337 _2rda medias
_aOrdinateur
338 _2 transporteur rda
_a Ressource en ligne
504 _aBibliographie: pages 155-157
546 _aTexte en français
650 1 _aRelations internationales
_xDroit international public
651 1 _2qrmak
856 4 0 _uhttps://fll.law.cu.edu.eg/fulltext/bks/B11-06648.pdf
905 _a75
942 _2ddc
_cBK
_e21
_n0
999 _c53221
_d53221